Statistics for The Jungle Book Franchise

Click here to take the quiz!

General Stats

  • This quiz has been taken 13 times
  • The average score is 10 of 20

Answer Stats

TypeYearNameInfo% Correct
Video Game1994Disney's The Jungle BookSEGA
100%
Book1959Harvey Kurtzman's Jungle BookHarvey Kurtzman
100%
Film1994The Jungle BookDisney
100%
Film2016The Jungle BookDisney
100%
TV Show2010The Jungle BookTF1 / ZDF
100%
Film1995The Jungle BookGoodtimes Entertainment
100%
Book1894The Jungle BookRudyard Kipling
100%
Film1967The Jungle BookDisney
100%
Film2003The Jungle Book 2Disney
50%
TV Show1998Mowgli: The New Adventures of the Jungle BookFox Kids
30%
TV Show1996-1998Jungle CubsABC
20%
Video Game1991TaleSpinSega
20%
TV Show1990-1991TaleSpinThe Disney Channel
20%
Video Game2000The Jungle Book Groove PartyUbisoft
10%
Book1895The Second Jungle BookRudyard Kipling
10%
Film1997The Second Jungle Book: Mowgli & BalooTriStar Pictures
10%
TV Show1989-1990Jungle Book Shōnen MowgliTV Tokyo
0%
Film1942Rudyard Kipling's Jungle BookUnited Artists
0%
Theme Park Attraction2016The Jungle Book: Alive with MagicDisney World
0%
Book1992The Third Jungle BookPamela Jekel
0%

Score Distribution

Percentile by Number Answered

Percent of People with Each Score

Your Score History

You have not taken this quiz